Differences in the Performance of Tourism in Its Various Sectors

Tourism Satellite Account (TSA) ako nástroj evidencie ukazovateľov a výkonnosti cestovného ruchu krajiny. Spotreba v cestovnom ruchu SR: ubytovacie, stravovacie a dopravné služby. Podiel cestovného ruchu na priamej pridanej hodnote hospodárstva.

Gespeichert in:
Bibliographische Detailangaben
1. Verfasser: Michálková, Anna, 1968-
Format: Buchkapitel
Sprache:Englisch
Schlagworte:
Tags: Tag hinzufügen
Keine Tags, Fügen Sie das erste Tag hinzu!

MARC

LEADER 00000naa$a2200000$$$4500
001 0196117
005 20240502073315.6
041 0 |a eng 
044 |a SK 
245 1 0 |a Differences in the Performance of Tourism in Its Various Sectors  |c Anna Michálková 
520 |a Tourism Satellite Account (TSA) ako nástroj evidencie ukazovateľov a výkonnosti cestovného ruchu krajiny. Spotreba v cestovnom ruchu SR: ubytovacie, stravovacie a dopravné služby. Podiel cestovného ruchu na priamej pridanej hodnote hospodárstva. 
610 2 0 |a ukazovatele ekonomické 
610 2 0 |a politika ruchu cestovného 
610 2 0 |a hodnota pridaná 
610 2 0 |a spotreba 
610 2 0 |a výkonnosť 
100 1 |a Michálková, Anna, 1968-